000 01271nam0a2200289 4500
001 RU\NLR\bibl\55
005 20260406030817.0
021 _aRU
_b97-25347
_91044
035 _a(NLR Aleph) 000000052
090 _a52
_c52
100 _a19980122d1997 |||y0rusy50 ca
101 0 _arus
102 _aRU
105 _ay |||||||||
200 1 _aЖизнь в океане
_e(Метод. пособие для учителей)
_fБ.С. Залогин, К.С. Кузьминская
_gНауч. ред. д.чл. Рос. акад. естеств. наук, проф. С.С. Ушаков
_gМГУ им. М.В. Ломоносова, Музей землеведения
210 _aМ.
_cИзд-во МГУ
_d1997
215 _a29 с.
_cсхем.
_d21
320 _aБиблиогр.: с. 28
606 0 _aМоря и океаны
_xИзучение в школе
_92071802
_3RU\NLR\auth\661246598
686 _aЧ426.431,(2)1
700 1 _4070
_8rus
_7ca
_aЗалогин
_bБ.С.
_gБорис Семенович
_3RU\NLR\auth\77986
_9111021
701 1 _4070
_8rus
_7ca
_aКузьминская
_bК.С.
_gКира Семеновна
_3RU\NLR\auth\771021
_9111055
801 0 _aRU
_bNLR
_c19980122
_gPSBO
801 1 _aRU
_bNLR
_c19980122
852 _aNLR
_j97-6/1315
942 _cBOOK
980 _aNB